Panchadashi (Record no. 345564)

MARC details
000 -LEADER
fixed length control field 003130000a22001450004500
005 - DATE AND TIME OF LATEST TRANSACTION
control field 20120302054420.0
040 ## - CATALOGING SOURCE
Original cataloging agency SAN
100 ## - MAIN ENTRY--PERSONAL NAME
Personal name Srimaadwidharanya
245 ## - TITLE STATEMENT
Title Panchadashi
260 ## - PUBLICATION, DISTRIBUTION, ETC. (IMPRINT)
Place of publication, distribution, etc Pune:Jagat Hitechu Press,1895.
300 ## - PHYSICAL DESCRIPTION
Extent 500p.
650 ## - SUBJECT ADDED ENTRY--TOPICAL TERM
Topical term or geographic name as entry element Sankirna
650 ## - SUBJECT ADDED ENTRY--TOPICAL TERM
Topical term or geographic name as entry element Panchadashi
942 ## - ADDED ENTRY ELEMENTS (KOHA)
Koha item type Book
Holdings
Withdrawn status Lost status Damaged status Not for loan Home library Current library Date acquired Total Checkouts Barcode Date last seen Price effective from
        Institute For Oriental Study, Thane Institute For Oriental Study, Thane 12/02/2009   IOS-1278 12/02/2009 12/02/2009